Banderas de la Primera Guerra Mundial - Estadísticas

Estadísticas generales
  • Esta prueba ha sido intentada 172 veces
  • La puntuación promedio es 17 de 20
Estadísticas de respuestas
Imagen Hint Respuesta % Correcto
1.150.000 Francia
99%
1.200.000 Rusia
99%
460.000 Italia
97%
744.000 Reino Unido
97%
61.527 Australia
96%
335.706 Rumania
96%
38.170 Bélgica
95%
87.500 Bulgaria
95%
53.402 Estados Unidos
95%
7.222 Portugal
95%
18.166 Nueva Zelanda
94%
127.500 Serbia
93%
1.800.000 Alemania
92%
305.085 Imperio Otomano
88%
1.016.200 Austria-Hungría
66%
56.638 Canadá
57%
5.000 Grecia
52%
3.000 Montenegro
52%
7.121 Sudáfrica
52%
1.204 Terranova
41%
No se encontraron pruebas coincidentes
Distribución de puntuación
Porcentaje de gente con cada puntuación
Porcentaje por número respondido
Historial de tus puntuaciones
No has intentado esta prueba.